| 000 | 01083nam a2200289 i 4500 | ||
|---|---|---|---|
| 001 | 181061 | ||
| 003 | ES-MaACL | ||
| 005 | 20250824030436.0 | ||
| 008 | 121015s2011 sp | |||||||| | spa d | ||
| 020 | _a978-84-87075-74-2 | ||
| 080 | _a792:002.6(460) | ||
| 080 | _a821.134.2-2.09:002.6(460) | ||
| 100 | 1 |
_aMuñoz Cáliz, Berta. _9151602 |
|
| 245 | 1 | 0 |
_aMapa de la documentación teatral en España / _cBerta Muñoz Cáliz. |
| 250 | _a1ª ed. | ||
| 260 |
_aMadrid : _bCentro de Documentación Teatral, _c2011. |
||
| 300 |
_a556 p. ; _c25 cm. |
||
| 490 | 1 |
_aFuentes y recursos para el estudio del teatro español ; _v1 |
|
| 500 | _aÍndices. | ||
| 650 | 4 |
_aTeatro- _xServicios de información- _zEspaña. _9151603 |
|
| 650 | 7 |
_aTeatro español- _xServicios de información- _zEspaña _2 _9151604 |
|
| 710 | 2 |
_aCentro de Documentación Teatral (España) _92605 |
|
| 830 | 1 |
_aFuentes y recursos para el estudio del teatro español ; _v1 _9224681 |
|
| 852 |
_aES-MaACL _jA-12277 _9187944 _bR.148405 _cDEPO1 _dOlim: N-5282 |
||
| 942 |
_2udc _cMONOGRAFIA |
||
| 999 |
_c181061 _d181061 |
||